Histórias tradicionais portuguesas contadas de novo (Registo nº 3677)

Detalhes MARC
000 -Etiqueta do registo
Cabeçalho 00721nam a2200241 4500
005 - Identificador da versão
Campo de controlo 20240813122040.0
010 ## - Número internacional normalizado dos livros (ISBN)
Número (ISBN) 9722619020
021 ## - Número do Depósito Legal
Código do país PT
Número 182062/02
100 ## - Dados gerais de processamento
Dados gerais de processamento 20021220d2002 c y0pory5003 ba
102 ## - Pais de publicação ou produção
País de publicação Portugal
101 0# - Língua de publicação
Língua do texto, banda sonora, etc. Português
215 ## - Descrição física 
Indicação específica da natureza do documento e extensão da espécie 116 p.
Outras indicações físicas il.
Dimensões 34 cm
200 1# - Titulo e menção de responsabilidade
Título próprio Histórias tradicionais portuguesas contadas de novo
Primeira menção de responsabilidade António Torrado
Outras menções de responsabilidade il. Maria João Lopes
210 ## - Publicação, Distribuição, etc. 
Lugar da edição, distribuição, etc. Porto
Nome do editor, distribuidor, etc. Civilização
Data da publicação, distribuição, etc. D.L. 2002
606 ## - Nome comum usado como assunto
Número de registo de entrada de autoridade 0000001
Palavra de ordem Literatura portuguesa
Subdivisão de assunto Conto|2CA
675 ## - Classificação Decimal Universal (CDU)
Notação 821.134.3-34
Edição 3ª ed.
Língua da edição por
702 #1 - Nome de autor-pessoa física (responsabilidade secundária)
Número de registo de entrada de autoridade 0000034
Palavra de ordem Lopes
Outra parte do nome não tomada para palavra de ordem Maria João
Código de função Ilustrador / Técnico de desenho computorizado
700 #1 - Nome de autor-pessoa física (responsabilidade principal)
Número de registo de entrada de autoridade 0000033
Palavra de ordem Torrado
Outra parte do nome não tomada para palavra de ordem António
Datas 1939-
942 ## - Elementos de entrada adicionados (Koha)
Tipo de item no Koha Livro
Exemplares
Situação do levantamento Origin of item (home branch) (coded) Biblioteca de empréstimo Código de barras Cota Circulation type (not for loan) Tipo de documento Nota do exemplar Damaged status
  Biblioteca Escolar das Vendas Biblioteca Escolar das Vendas BEV736 8 POR TOR   Livro Sem mensagem